[Event "4NCL Division 3n"]
[Site "Redworth Hall ENG"]
[Date "2014.11.16"]
[Round "2.58"]
[White "Waters, Clive L"]
[Black "Richardson, Alex"]
[Result "1-0"]
[WhiteElo "2123"]
[BlackElo "2113"]
[PlyCount "121"]
[EventDate "2014.11.16"]
[WhiteTeam "North East England 1"]
[BlackTeam "Cheddleton 2"]

1. d4 Nf6 2. Nf3 e6 3. c4 c5 4. d5 exd5 5. cxd5 Bd6 6. g3 Bc7 7. Bg2 d6 8. O-O
O-O 9. Nc3 a6 10. a4 Re8 11. Nd2 Nbd7 12. b3 Rb8 13. Bb2 b5 14. Qc2 Nf8 15. e3
b4 16. Ncb1 Ng6 17. Nc4 Bg4 18. f3 Bd7 19. e4 Qc8 20. Nbd2 Bh3 21. Rfe1 Bxg2
22. Kxg2 Qd7 23. Ne3 Ne5 24. Ndc4 Nxc4 25. Qxc4 a5 26. Bxf6 gxf6 27. Nf5 Kh8
28. Rac1 Rg8 29. Qe2 Rg6 30. Qd2 Bd8 31. Qf4 Be7 32. Rxc5 dxc5 33. Qxb8+ Rg8
34. Qb6 c4 35. bxc4 Bd8 36. Qb5 Qxb5 37. cxb5 Bb6 38. Ne7 Rd8 39. Kf1 Rd7 40.
Nf5 Rc7 41. d6 Rc2 42. Rb1 Rxh2 43. Rb3 Rc2 44. Ke1 h5 45. Ne7 Bc5 46. Rd3 b3
47. Rxb3 Bxd6 48. Kd1 Rc4 49. Nf5 Bb8 50. Rd3 Bc7 51. Rd7 Kg8 52. Ke2 Kf8 53.
b6 Bxb6 54. Rxf7+ Kxf7 55. Nd6+ Ke6 56. Nxc4 Bc7 57. f4 h4 58. f5+ Kd7 59. gxh4
Kc6 60. h5 Kc5 61. Nxa5 1-0

[Event "4NCL Division 3n"]
[Site "Redworth Hall ENG"]
[Date "2014.11.16"]
[Round "2.59"]
[White "Edwards, Simon R"]
[Black "Henderson, David"]
[Result "0-1"]
[WhiteElo "1938"]
[BlackElo "2073"]
[PlyCount "66"]
[EventDate "2014.11.16"]
[WhiteTeam "Cheddleton 2"]
[BlackTeam "North East England 1"]

1. e4 e5 2. Nf3 Nc6 3. d4 exd4 4. Nxd4 Nf6 5. Nxc6 bxc6 6. e5 Qe7 7. Qe2 Nd5 8.
c4 Nb6 9. b3 g6 10. Ba3 d6 11. f4 Bg7 12. Nd2 c5 13. Qf2 f6 14. e6 Qxe6+ 15.
Qe2 Qxe2+ 16. Bxe2 Bb7 17. Bf3 Bxf3 18. Nxf3 f5 19. O-O-O h6 20. Rhe1+ Kf7 21.
Kc2 Rhe8 22. Kd3 Nd7 23. Bc1 Nf6 24. Rxe8 Rxe8 25. Re1 Ne4 26. Bd2 Nxd2 27.
Rxe8 Kxe8 28. Nxd2 Ke7 29. Nf3 Bf6 30. h3 Ke6 31. Ne1 Bh4 32. Nc2 c6 33. Ne3
Bg3 0-1

[Event "4NCL Division 3n"]
[Site "Redworth Hall ENG"]
[Date "2014.11.16"]
[Round "2.60"]
[White "Wise, David"]
[Black "Zhang, Zheming"]
[Result "1-0"]
[WhiteElo "2103"]
[BlackElo "1732"]
[PlyCount "139"]
[EventDate "2014.11.16"]
[WhiteTeam "North East England 1"]
[BlackTeam "Cheddleton 2"]

1. d4 e6 2. e4 d5 3. Nd2 Nf6 4. Bd3 c5 5. c3 Nc6 6. Ngf3 Be7 7. O-O O-O 8. Re1
cxd4 9. cxd4 dxe4 10. Nxe4 Nxd4 11. Bg5 Nxe4 12. Bxe7 Nxf3+ 13. Qxf3 Qxe7 14.
Qxe4 g6 15. Rac1 Rb8 16. Qe5 Bd7 17. Be4 f6 18. Qa5 a6 19. Qb6 Rfc8 20. Rxc8+
Bxc8 21. Rd1 Bd7 22. Qc7 Rc8 23. Qxb7 Kf8 24. g3 Rd8 25. Qxa6 Bc8 26. Rxd8+
Qxd8 27. Qd3 Qc7 28. b4 Ke7 29. Qc2 Qd8 30. Qc5+ Kf7 31. Qa7+ Kg8 32. Qb8 Kf7
33. Qa7+ Kg8 34. Qc5 Kf7 35. a4 Qd1+ 36. Kg2 Qxa4 37. Qxc8 Qxb4 38. Qb7+ Qxb7
39. Bxb7 f5 40. h4 Ke7 41. Kf3 Kf6 42. Ke3 e5 43. Bc6 Ke6 44. Kd3 Kf6 45. Bd7
Ke7 46. Bc8 Kd8 47. Bb7 Kd7 48. Kc4 Kd6 49. Bd5 h6 50. Bg8 Ke7 51. Kd5 Kf6 52.
Bh7 g5 53. hxg5+ hxg5 54. f3 g4 55. fxg4 f4 56. gxf4 exf4 57. Ke4 Kg5 58. Bf5
f3 59. Kxf3 Kh6 60. Kf4 Kg7 61. Kg5 Kf7 62. Kh6 Kg8 63. Kg6 Kh8 64. Bc8 Kg8 65.
g5 Kh8 66. Kf7 Kh7 67. g6+ Kh8 68. g7+ Kh7 69. g8=Q+ Kh6 70. Qg6# 1-0

[Event "4NCL Division 3n"]
[Site "Redworth Hall ENG"]
[Date "2014.11.16"]
[Round "2.65"]
[White "Bak, Andrew"]
[Black "Coathup, Roger H"]
[Result "1-0"]
[WhiteElo "2050"]
[BlackElo "2114"]
[PlyCount "61"]
[EventDate "2014.11.16"]
[WhiteTeam "Bradford DCA Knights B"]
[BlackTeam "North East England 2"]

1. d4 Nf6 2. c4 g6 3. Nc3 Bg7 4. e4 d6 5. Nf3 O-O 6. Be2 e5 7. O-O Nc6 8. d5
Ne7 9. b4 Kh8 10. a4 Ne8 11. Re1 Ng8 12. c5 f5 13. Nd2 Ngf6 14. Bf3 Bh6 15. Nc4
Bxc1 16. Rxc1 f4 17. cxd6 cxd6 18. Nb5 Rf7 19. Nbxd6 Nxd6 20. Nxe5 Rf8 21. Qd4
Qb6 22. Qb2 Kg8 23. Nd3 Nfe8 24. Nc5 Qd8 25. e5 Nf5 26. d6 Nexd6 27. exd6 Nxd6
28. Bd5+ Nf7 29. Rcd1 Qh4 30. Ne4 Rd8 31. g3 1-0

[Event "4NCL Division 3n"]
[Site "Redworth Hall ENG"]
[Date "2014.11.16"]
[Round "2.66"]
[White "Reynolds, Mark A"]
[Black "Nicholson, Jim WR"]
[Result "1/2-1/2"]
[WhiteElo "1959"]
[BlackElo "1989"]
[PlyCount "49"]
[EventDate "2014.11.16"]
[WhiteTeam "North East England 2"]
[BlackTeam "Bradford DCA Knights B"]

1. d4 d6 2. Nf3 Bg4 3. Nbd2 Nd7 4. e4 e6 5. Bd3 d5 6. O-O dxe4 7. Nxe4 Ngf6 8.
Ng3 Bd6 9. Re1 O-O 10. h3 Bxf3 11. Qxf3 c6 12. Ne4 Nxe4 13. Qxe4 g6 14. Bd2 Nf6
15. Qf3 Nh5 16. Rad1 Qf6 17. Qxf6 Nxf6 18. c4 Rfd8 19. Bc3 Be7 20. Be2 Rd7 21.
Bf3 Rad8 22. Ba5 Rc8 23. Bc3 Rcd8 24. Ba5 Rc8 25. Bc3 1/2-1/2

[Event "4NCL Division 3n"]
[Site "Redworth Hall ENG"]
[Date "2014.11.16"]
[Round "2.67"]
[White "McCarthy, Damian"]
[Black "Robson, Paul E"]
[Result "1/2-1/2"]
[WhiteElo "1847"]
[BlackElo "1883"]
[PlyCount "66"]
[EventDate "2014.11.16"]
[WhiteTeam "Bradford DCA Knights B"]
[BlackTeam "North East England 2"]

1. e4 c5 2. Nf3 Nc6 3. d4 cxd4 4. Nxd4 g6 5. c4 Bg7 6. Be3 Nf6 7. Nc3 Ng4 8.
Qxg4 Nxd4 9. Qd1 e5 10. Qd2 O-O 11. O-O-O Qa5 12. Kb1 Ne6 13. f3 Rd8 14. Be2 d6
15. Nb5 Qxd2 16. Rxd2 b6 17. Rhd1 Ba6 18. Rxd6 Bxb5 19. Rxd8+ Rxd8 20. Rxd8+
Nxd8 21. cxb5 Nb7 22. Kc2 Bf8 23. Kc3 Nd6 24. a4 Be7 25. Bc4 Kg7 26. Bd5 f5 27.
Bc6 f4 28. Bf2 g5 29. a5 Bd8 30. g3 h6 31. Kb3 Kg6 32. Bd7 Kg7 33. Bxb6 Bxb6
1/2-1/2

[Event "4NCL Division 3n"]
[Site "Redworth Hall ENG"]
[Date "2014.11.16"]
[Round "2.68"]
[White "Wilson, Kevin J"]
[Black "Slinger, AJ (Tony)"]
[Result "1-0"]
[WhiteElo "1707"]
[BlackElo "1941"]
[PlyCount "75"]
[EventDate "2014.11.16"]
[WhiteTeam "North East England 2"]
[BlackTeam "Bradford DCA Knights B"]

1. d4 d6 2. Bf4 g6 3. Nf3 Bg7 4. e3 Nd7 5. h3 Ngf6 6. Be2 O-O 7. O-O c5 8. c3
a6 9. Nbd2 b6 10. Re1 Bb7 11. Bh2 Re8 12. Qb3 d5 13. Rad1 c4 14. Qc2 b5 15. Ne5
e6 16. Bf3 Nxe5 17. Bxe5 a5 18. e4 Qb6 19. g4 Rad8 20. g5 Nxe4 21. Bxg7 Nxd2
22. Qxd2 Kxg7 23. Qf4 Qd6 24. Re5 b4 25. h4 Bc6 26. h5 Qe7 27. Rde1 bxc3 28.
bxc3 Qf8 29. Kg2 Kg8 30. hxg6 hxg6 31. Rh1 Rb8 32. Rh6 Rb1 33. Qh2 Qg7 34. Re3
f6 35. Bg4 e5 36. Reh3 exd4 37. Rh8+ Kf7 38. R8h7 1-0

[Event "4NCL Division 3n"]
[Site "Redworth Hall ENG"]
[Date "2014.11.16"]
[Round "2.69"]
[White "Johnson, Paul"]
[Black "Robinson, Brian"]
[Result "1-0"]
[WhiteElo "1900"]
[BlackElo "1644"]
[PlyCount "59"]
[EventDate "2014.11.16"]
[WhiteTeam "Bradford DCA Knights B"]
[BlackTeam "North East England 2"]

1. d4 e6 2. Nf3 f5 3. g3 Nf6 4. Bg5 Be7 5. Bxf6 Bxf6 6. Bg2 O-O 7. O-O d6 8. c4
e5 9. d5 Nd7 10. e3 a5 11. Nc3 Nc5 12. Qc2 Qe8 13. e4 f4 14. Nb5 Qd8 15. Rfe1
Bg4 16. Rad1 Rc8 17. Rd2 fxg3 18. fxg3 Qe8 19. Rf2 Qh5 20. Ref1 Na6 21. Qd2 b6
22. h4 Qg6 23. Qe3 Rf7 24. Nh2 Rcf8 25. Nxg4 Qxg4 26. Kh2 Qd7 27. Bh3 Qe8 28.
Be6 Nc5 29. Bxf7+ Rxf7 30. g4 1-0

[Event "4NCL Division 3n"]
[Site "Redworth Hall ENG"]
[Date "2014.11.16"]
[Round "2.75"]
[White "Hackner, Oskar A"]
[Black "Jarmany, John"]
[Result "1-0"]
[WhiteElo "2109"]
[BlackElo "2072"]
[PlyCount "63"]
[EventDate "2014.11.16"]
[WhiteTeam "Bradford DCA Knights A"]
[BlackTeam "Manchester Manticores 1"]

1. d4 Nf6 2. c4 e6 3. Nc3 Bb4 4. f3 c5 5. d5 b5 6. e4 bxc4 7. Bxc4 Nxd5 8. Bxd5
exd5 9. Qxd5 O-O 10. a3 Bxc3+ 11. bxc3 Qh4+ 12. g3 Qf6 13. Qxc5 Nc6 14. Bg5 Qe6
15. Ne2 Ba6 16. Rd1 Ne5 17. Nd4 Qh3 18. Kf2 Nd3+ 19. Rxd3 Bxd3 20. Nf5 Ba6 21.
Qd4 f6 22. Qxd7 Rf7 23. Ne7+ Rxe7 24. Qxh3 fxg5 25. Rd1 Rb8 26. Qf5 h6 27. Rd7
Rb2+ 28. Ke1 Rxd7 29. Qxd7 Rb1+ 30. Kd2 Bb5 31. Qd5+ Kh7 32. Kc2 1-0

[Event "4NCL Division 3n"]
[Site "Redworth Hall ENG"]
[Date "2014.11.16"]
[Round "2.76"]
[White "Timson, Paul.F"]
[Black "Lang, Adam R"]
[Result "1/2-1/2"]
[WhiteElo "2129"]
[BlackElo "2138"]
[PlyCount "36"]
[EventDate "2014.11.16"]
[WhiteTeam "Manchester Manticores 1"]
[BlackTeam "Bradford DCA Knights A"]

1. d4 Nf6 2. c4 g6 3. Nc3 d5 4. Nf3 Bg7 5. Bg5 c6 6. e3 O-O 7. Qb3 dxc4 8. Bxc4
b5 9. Be2 Be6 10. Qc2 Nbd7 11. O-O Qa5 12. a3 Rac8 13. b4 Qb6 14. e4 h6 15. Be3
Ng4 16. Bd2 Ngf6 17. Be3 Ng4 18. Bd2 Ngf6 1/2-1/2

[Event "4NCL Division 3n"]
[Site "Redworth Hall ENG"]
[Date "2014.11.16"]
[Round "2.77"]
[White "Jennings, Roger"]
[Black "Antal, Laszlo"]
[Result "1/2-1/2"]
[WhiteElo "2159"]
[BlackElo "2163"]
[PlyCount "24"]
[EventDate "2014.11.16"]
[WhiteTeam "Bradford DCA Knights A"]
[BlackTeam "Manchester Manticores 1"]

1. g3 d5 2. Bg2 Nf6 3. Nf3 e6 4. O-O Be7 5. b3 c5 6. Bb2 Nc6 7. d4 cxd4 8. Nxd4
O-O 9. c4 Bc5 10. Nxc6 bxc6 11. Nd2 Bb7 12. e3 Be7 1/2-1/2

[Event "4NCL Division 3n"]
[Site "Redworth Hall ENG"]
[Date "2014.11.16"]
[Round "2.78"]
[White "Tyton, Adam"]
[Black "Drabble, Andrew"]
[Result "0-1"]
[WhiteElo "2052"]
[BlackElo "2076"]
[PlyCount "58"]
[EventDate "2014.11.16"]
[WhiteTeam "Manchester Manticores 1"]
[BlackTeam "Bradford DCA Knights A"]

1. e4 e6 2. d4 d5 3. Nc3 dxe4 4. Nxe4 Nd7 5. Nf3 Ngf6 6. Nxf6+ Nxf6 7. Bb5+ c6
8. Ba4 b5 9. Bb3 Bb7 10. Qe2 a6 11. Be3 Qc7 12. a4 Bd6 13. O-O O-O 14. h3 b4
15. Nd2 c5 16. Nc4 cxd4 17. Bxd4 Qc6 18. f4 Bc5 19. Bxc5 Qxc5+ 20. Qe3 Qd5 21.
Rf2 Rad8 22. Nd2 Qd4 23. Qxd4 Rxd4 24. Re1 Rfd8 25. Ree2 Kf8 26. g4 h6 27. Bc4
Nd5 28. Bxd5 Bxd5 29. c3 bxc3 0-1

[Event "4NCL Division 3n"]
[Site "Redworth Hall ENG"]
[Date "2014.11.16"]
[Round "2.79"]
[White "Somerset, William"]
[Black "Newton, Robert"]
[Result "1/2-1/2"]
[WhiteElo "2041"]
[BlackElo "2012"]
[PlyCount "99"]
[EventDate "2014.11.16"]
[WhiteTeam "Bradford DCA Knights A"]
[BlackTeam "Manchester Manticores 1"]

1. d4 Nf6 2. c4 c5 3. d5 b5 4. cxb5 d6 5. Nc3 g6 6. Nf3 Bg7 7. e4 Nbd7 8. Be2
O-O 9. O-O a6 10. a4 axb5 11. Bxb5 Ba6 12. Qe2 Bxb5 13. Nxb5 Qb8 14. Qc2 h6 15.
Ra3 Nb6 16. b3 Nbd7 17. Bb2 Rc8 18. Nd2 Ra6 19. Nc4 Kh7 20. f4 Rf8 21. Qd3 Nb6
22. Ra2 Ra8 23. f5 g5 24. h4 g4 25. Ne3 h5 26. Nc4 Nbd7 27. Bc1 Kh8 28. Qe3 Nh7
29. Bb2 Nhf6 30. Bc3 Kh7 31. Bd2 Ng8 32. Qd3 Qxb5 33. axb5 Rxa2 34. b6 Rb8 35.
Bc3 Bxc3 36. Qxc3 Ngf6 37. Qe3 Nxb6 38. Nxb6 Rxb6 39. e5 dxe5 40. Qxc5 Rxb3 41.
Qxe7 Kg7 42. Qxe5 Rbb2 43. Qg3 Nxd5 44. f6+ Nxf6 45. Rf5 Rxg2+ 46. Qxg2 Rxg2+
47. Kxg2 Kg6 48. Rg5+ Kh6 49. Rf5 Kg6 50. Rg5+ 1/2-1/2

[Event "4NCL Division 3n"]
[Site "Redworth Hall ENG"]
[Date "2014.11.16"]
[Round "2.80"]
[White "Evans, Paul.A"]
[Black "Gardiner, Eric"]
[Result "0-1"]
[WhiteElo "1956"]
[BlackElo "1993"]
[PlyCount "102"]
[EventDate "2014.11.16"]
[WhiteTeam "Manchester Manticores 1"]
[BlackTeam "Bradford DCA Knights A"]

1. e4 e6 2. Nf3 d5 3. Nc3 d4 4. Ne2 c5 5. c3 dxc3 6. Nxc3 Nc6 7. Bb5 Bd7 8. O-O
Nge7 9. Re1 Nd4 10. Bxd7+ Qxd7 11. Ne5 Qc7 12. Qa4+ Nec6 13. Nxc6 Qxc6 14.
Qxc6+ Nxc6 15. e5 O-O-O 16. a3 Be7 17. Rb1 Rd7 18. Re4 Rd4 19. f4 g5 20. g3
gxf4 21. gxf4 Rg8+ 22. Kf2 Bh4+ 23. Kf3 Rd3+ 24. Re3 Nd4+ 25. Ke4 Rxe3+ 26.
dxe3 Nb3 27. Kd3 Rg7 28. Ne4 Be7 29. Bd2 b5 30. Rd1 c4+ 31. Kc2 Kc7 32. Rh1 Kc6
33. h4 Bc5 34. Re1 Rg4 35. Kd1 Nxd2 36. Nxd2 Rxh4 37. Nf3 Rg4 38. Ng5 Rg2 39.
Re2 Rg1+ 40. Kc2 h5 41. Nxf7 h4 42. Ng5 Rg3 43. Rh2 Bxe3 44. Rxh4 Rg1 45. b3
Rc1+ 46. Kb2 c3+ 47. Ka2 Rc2+ 48. Ka1 Rb2 49. Rh8 Rxb3 50. Nxe6 Kd5 51. Nc7+
Kc4 0-1

[Event "4NCL Division 3n"]
[Site "Redworth Hall ENG"]
[Date "2014.11.16"]
[Round "2.85"]
[White "Corcoran, Gary"]
[Black "Hilton, Tim"]
[Result "0-1"]
[WhiteElo "1864"]
[BlackElo "1760"]
[PlyCount "80"]
[EventDate "2014.11.16"]
[WhiteTeam "Bradford DCA Knights C"]
[BlackTeam "Manchester Manticores 3"]

1. e4 e5 2. d4 exd4 3. c3 Qe7 4. Qxd4 Nc6 5. Qe3 Nf6 6. Nd2 d5 7. Bd3 Ne5 8.
Bc2 dxe4 9. Nxe4 Nd5 10. Qd4 c6 11. Bg5 f6 12. Be3 Nxe3 13. fxe3 f5 14. Nf2 Qc5
15. O-O-O Qxd4 16. exd4 Nc4 17. Re1+ Kd8 18. Bb3 b5 19. Nd3 Bd6 20. Nf3 Kc7 21.
Ng5 Bd7 22. Nf7 Rhe8 23. Bxc4 bxc4 24. Nxd6 Kxd6 25. Nc5 g5 26. Rhf1 Rxe1+ 27.
Rxe1 Re8 28. Rxe8 Bxe8 29. Kd2 Kd5 30. Ke3 f4+ 31. Kf3 Bh5+ 32. g4 Bg6 33. b4
Bd3 34. Kf2 Bc2 35. Ke2 h6 36. h4 gxh4 37. Kf2 h3 38. Kg1 f3 39. Nd7 Ke4 40.
Nf6+ Ke3 0-1

[Event "4NCL Division 3n"]
[Site "Redworth Hall ENG"]
[Date "2014.11.16"]
[Round "2.87"]
[White "Dean, Robert A"]
[Black "Lonsdale, Jon.I"]
[Result "1/2-1/2"]
[WhiteElo "1854"]
[BlackElo "1780"]
[PlyCount "118"]
[EventDate "2014.11.16"]
[WhiteTeam "Bradford DCA Knights C"]
[BlackTeam "Manchester Manticores 3"]

1. e4 c5 2. f4 d5 3. exd5 Nf6 4. Bb5+ Nbd7 5. c4 a6 6. Ba4 b5 7. Bb3 bxc4 8.
Bxc4 Nb6 9. d3 Nfxd5 10. Nf3 g6 11. O-O Bg7 12. Ne5 O-O 13. Na3 Bb7 14. Qf3 Qc7
15. Qg3 Rad8 16. Bd2 Nb4 17. Bc3 N6d5 18. Rae1 Nxc3 19. bxc3 Nc6 20. Nb1 Na5
21. Nd2 Nxc4 22. Ndxc4 Bd5 23. f5 Bxc4 24. dxc4 Qd6 25. Rf3 Rb8 26. Rfe3 Rb2
27. a4 Ra2 28. Qh3 Rxa4 29. fxg6 hxg6 30. Ng4 Rxc4 31. Nh6+ Bxh6 32. Qxh6 Qf6
33. Rxe7 Rxc3 34. Re8 Qd4+ 35. Kh1 Qg7 36. Qh4 Rd3 37. Qc4 Qd4 38. Rxf8+ Kxf8
39. Qxa6 Rd1 40. Qf1 Rxe1 41. Qxe1 c4 42. Qb4+ Kg7 43. h3 Qd3 44. Qb5 Qb3 45.
Qe5+ Kf8 46. Qh8+ Ke7 47. Qe5+ Kd8 48. Qd6+ Kc8 49. Qf8+ Kb7 50. Qxf7+ Kc6 51.
Qxg6+ Kb5 52. Qe8+ Kb4 53. Qe7+ Kc3 54. Qe5+ Kc2 55. Qe2+ Kc1 56. h4 c3 57. h5
c2 58. h6 Qg3 59. Qe4 Kd2 1/2-1/2

[Event "4NCL Division 3n"]
[Site "Redworth Hall ENG"]
[Date "2014.11.16"]
[Round "2.89"]
[White "Mahoney, Nicholas"]
[Black "Norris, Michael.J"]
[Result "1/2-1/2"]
[WhiteElo "1764"]
[BlackElo "1889"]
[PlyCount "52"]
[EventDate "2014.11.16"]
[WhiteTeam "Bradford DCA Knights C"]
[BlackTeam "Manchester Manticores 3"]

1. e4 e5 2. f4 exf4 3. Nf3 d6 4. d4 g5 5. h4 g4 6. Ng1 Qf6 7. Nc3 Ne7 8. Nge2
Bh6 9. Qd2 Nbc6 10. Nb5 f3 11. Qxh6 Qxh6 12. Bxh6 fxe2 13. Bxe2 Kd8 14. O-O-O
a6 15. Nc3 Rg8 16. Rhf1 Ke8 17. Bc4 Nd8 18. e5 dxe5 19. Ne4 Rg6 20. Nf6+ Rxf6
21. Rxf6 exd4 22. Rf4 c5 23. Re1 b5 24. Bd5 Ra7 25. Bg5 Ne6 26. Bxe6 Bxe6
1/2-1/2

[Event "4NCL Division 3n"]
[Site "Redworth Hall ENG"]
[Date "2014.11.16"]
[Round "2.95"]
[White "Sizeland, Chris M"]
[Black "Mulleady, Peter.J"]
[Result "1/2-1/2"]
[WhiteElo "1766"]
[BlackElo "1899"]
[PlyCount "32"]
[EventDate "2014.11.16"]
[WhiteTeam "Cheddleton 3"]
[BlackTeam "Manchester Manticores 2"]

1. d4 f5 2. Nf3 Nf6 3. Bg5 g6 4. h4 Bg7 5. h5 Nxh5 6. Rxh5 gxh5 7. e4 fxe4 8.
Nh4 O-O 9. Nc3 d5 10. Qxh5 c6 11. Nxe4 Qe8 12. Qe2 dxe4 13. Qxe4 Qf7 14. Bd3
Qxf2+ 15. Kd1 Bg4+ 16. Kc1 Qg1+ 1/2-1/2

[Event "4NCL Division 3n"]
[Site "Redworth Hall ENG"]
[Date "2014.11.16"]
[Round "2.96"]
[White "Lyth, John.D"]
[Black "Armstrong, William G"]
[Result "1-0"]
[WhiteElo "2016"]
[BlackElo "1857"]
[PlyCount "107"]
[EventDate "2014.11.16"]
[WhiteTeam "Manchester Manticores 2"]
[BlackTeam "Cheddleton 3"]

1. d4 Nf6 2. Nf3 g6 3. g3 b6 4. Bg2 Bb7 5. O-O Bg7 6. c4 Na6 7. Nc3 O-O 8. Re1
Ne4 9. Nxe4 Bxe4 10. Qa4 Nb8 11. Bf4 d6 12. Rad1 Qe8 13. Qb3 Nd7 14. Bh3 c5 15.
d5 Bxf3 16. exf3 Qd8 17. Bg5 Bf6 18. Bxf6 Nxf6 19. Qe3 Re8 20. f4 Kg7 21. Qf3
h5 22. Re3 a6 23. a4 Rb8 24. Qe2 Rb7 25. Qd3 a5 26. Rde1 Kg8 27. b3 Kh7 28. f5
g5 29. Bg2 Kg8 30. Bf3 g4 31. Bd1 Nd7 32. Qd2 f6 33. h3 Ne5 34. hxg4 hxg4 35.
Kg2 Kf7 36. Re4 Rg8 37. Rh1 Qf8 38. Rh4 Rg5 39. Bxg4 Nxg4 40. Rexg4 Rxg4 41.
Rxg4 Ke8 42. Qe3 Qf7 43. Qe6 Qxe6 44. fxe6 Kf8 45. Kf3 Rc7 46. Kg2 f5 47. Rg5
b5 48. axb5 Ra7 49. Kh3 a4 50. bxa4 Rxa4 51. Rxf5+ Ke8 52. Rf4 Ra1 53. Kg4 Rh1
54. Kg5 1-0

[Event "4NCL Division 3n"]
[Site "Redworth Hall ENG"]
[Date "2014.11.16"]
[Round "2.98"]
[White "Collins, Richard.A"]
[Black "Boswell, Jacob C"]
[Result "1/2-1/2"]
[WhiteElo "1804"]
[BlackElo "1638"]
[PlyCount "59"]
[EventDate "2014.11.16"]
[WhiteTeam "Manchester Manticores 2"]
[BlackTeam "Cheddleton 3"]

1. c4 e5 2. g3 Nf6 3. Bg2 c6 4. d4 e4 5. c5 b6 6. cxb6 axb6 7. Nc3 d5 8. e3
Nbd7 9. Nge2 Bd6 10. O-O O-O 11. f4 Bb7 12. b3 c5 13. Bb2 cxd4 14. exd4 Ba6 15.
Re1 b5 16. Bc1 b4 17. Na4 Qc7 18. Be3 Ng4 19. Qd2 Nxe3 20. Qxe3 Rfc8 21. Rac1
Qa7 22. Bh3 Rxc1 23. Rxc1 Rc8 24. Rxc8+ Bxc8 25. Kf2 Qc7 26. Qd2 Nf6 27. Bxc8
Qxc8 28. Kg2 Qg4 29. Qe3 Qc8 30. Qd2 1/2-1/2

[Event "4NCL Division 3n"]
[Site "Redworth Hall ENG"]
[Date "2014.11.16"]
[Round "2.191"]
[White "Bennett, Patrick"]
[Black "Johnson, Michael D"]
[Result "1/2-1/2"]
[WhiteElo "2023"]
[BlackElo "2064"]
[PlyCount "87"]
[EventDate "2014.11.16"]
[WhiteTeam "Holmes Chapel"]
[BlackTeam "Spirit of Atticus B"]

1. d4 Nf6 2. c4 g6 3. Nf3 Bg7 4. g3 O-O 5. Bg2 c5 6. O-O cxd4 7. Nxd4 Nc6 8.
Nc2 d6 9. Nc3 Be6 10. b3 Qd7 11. Re1 Rad8 12. e4 Ne8 13. Bb2 Nc7 14. Ne3 b5 15.
cxb5 Nxb5 16. Rc1 Rc8 17. Qd2 Ne5 18. Ncd5 Bxd5 19. exd5 Rxc1 20. Rxc1 Rc8 21.
a4 Rxc1+ 22. Qxc1 Nc7 23. Bxe5 Bxe5 24. Qc6 Qc8 25. b4 Qb8 26. b5 Kf8 27. Nc4
Bd4 28. Bf1 Bb6 29. Nxb6 axb6 30. a5 bxa5 31. b6 Nxd5 32. Qxd5 Qxb6 33. Qb5 Qc7
34. Qc4 Qa7 35. Qf4 Kg7 36. Bc4 e5 37. Qd2 Qc5 38. Qd5 Qxd5 39. Bxd5 f5 40. Kf1
Kf6 41. Ke2 g5 42. Kd3 h5 43. Kc4 h4 44. f3 1/2-1/2

[Event "4NCL Division 3n"]
[Site "Redworth Hall ENG"]
[Date "2014.11.16"]
[Round "2.189"]
[White "Robertson, David J"]
[Black "Woolley, Jos"]
[Result "1/2-1/2"]
[WhiteElo "1948"]
[BlackElo "2111"]
[PlyCount "48"]
[EventDate "2014.11.16"]
[WhiteTeam "Spirit of Atticus B"]
[BlackTeam "Jorvik"]

1. e4 g6 2. d4 Bg7 3. Nc3 a6 4. a4 b6 5. f4 d5 6. e5 h5 7. Qf3 c6 8. Bd3 Nh6 9.
Nge2 Bg4 10. Qf2 e6 11. O-O Bf5 12. Bxf5 Nxf5 13. Bd2 Bf8 14. Na2 c5 15. c3 c4
16. Nac1 a5 17. b3 cxb3 18. Nxb3 h4 19. Qf3 Nd7 20. Qd3 Qc7 21. Rfb1 h3 22. g3
Qc4 23. Qxc4 dxc4 24. Nbc1 Ne7 {Game drawn move 70} 1/2-1/2

[Event "4NCL Division 3n"]
[Site "Redworth Hall ENG"]
[Date "2014.11.16"]
[Round "2.195"]
[White "Mort, Andrew J"]
[Black "Flint, Martina"]
[Result "1/2-1/2"]
[WhiteElo "1969"]
[BlackElo "1828"]
[PlyCount "47"]
[EventDate "2014.11.16"]
[WhiteTeam "Spirit of Atticus B"]
[BlackTeam "Jorvik"]

1. d4 g6 2. e4 Bg7 3. Nc3 d6 4. g3 c6 5. Bg2 e6 6. Nge2 Ne7 7. O-O O-O 8. h4 d5
9. h5 dxe4 10. hxg6 fxg6 11. Nxe4 h6 12. c3 Kh7 13. Qb3 e5 14. dxe5 Bxe5 15.
Bf4 Qc7 16. Bxe5 Qxe5 17. Rae1 Na6 18. Nd4 Nc5 19. Nxc5 Qxc5 20. Ne6 Bxe6 21.
Rxe6 Rab8 22. Qc2 Rf7 23. Be4 Rg8 24. Re1 1/2-1/2

[Event "4NCL Division 3n"]
[Site "Redworth Hall ENG"]
[Date "2014.11.16"]
[Round "2.190"]
[White "White, Mark W"]
[Black "Turner, John M"]
[Result "1/2-1/2"]
[WhiteElo "2069"]
[BlackElo "2028"]
[PlyCount "36"]
[EventDate "2014.11.16"]
[WhiteTeam "Jorvik"]
[BlackTeam "Holmes Chapel"]

1. e4 d5 2. exd5 Qxd5 3. Nc3 Qd6 4. d4 Nf6 5. Be2 a6 6. Bf3 Nc6 7. Nge2 Bf5 8.
Bf4 Qd7 9. a3 e6 10. Qd2 Be7 11. O-O O-O 12. Rfd1 Rad8 13. Na2 Be4 14. Bxe4
Nxe4 15. Qe3 Nd6 16. Bxd6 Bxd6 17. Nac3 Ne7 18. Ne4 Nf5 1/2-1/2

[Event "4NCL Division 3n"]
[Site "Redworth Hall ENG"]
[Date "2014.11.16"]
[Round "2.193"]
[White "Doran, Chris"]
[Black "Nezis, Anastasios"]
[Result "1-0"]
[WhiteElo "2002"]
[BlackElo "1941"]
[PlyCount "83"]
[EventDate "2014.11.16"]
[WhiteTeam "Holmes Chapel"]
[BlackTeam "Jorvik"]

1. e4 c5 2. Nf3 d6 3. d4 cxd4 4. Nxd4 Nf6 5. Nc3 a6 6. Bg5 e6 7. f4 h6 8. Bh4
Qb6 9. a3 Nc6 10. Bf2 Qc7 11. Bd3 Be7 12. Qf3 Bd7 13. Qg3 g5 14. Nxc6 Bxc6 15.
f5 e5 16. O-O-O b5 17. Rhe1 Qb7 18. h3 b4 19. axb4 Qxb4 20. Qf3 Rb8 21. Kd2 Bd8
22. Ke2 Bb6 23. Bxb6 Qxb6 24. Kf1 Ke7 25. b3 Qb4 26. Bc4 Bb5 27. Bxb5 axb5 28.
Nd5+ Nxd5 29. Rxd5 Kf6 30. Red1 Rb6 31. Qd3 Rd8 32. h4 Rc8 33. hxg5+ hxg5 34.
Qh3 Rxc2 35. Qh6+ Ke7 36. Qxg5+ Kd7 37. Rxe5 Qxb3 38. Qe7+ Kc8 39. Qe8+ Kb7 40.
Re7+ Rc7 41. Rxc7+ Kxc7 42. Rc1+ 1-0

[Event "4NCL Division 3n"]
[Site "Shrigley Hall ENG"]
[Date "2015.01.10"]
[Round "3.55"]
[White "Walker, David J"]
[Black "Somerset, William"]
[Result "1-0"]
[WhiteElo "2295"]
[BlackElo "2005"]
[PlyCount "83"]
[EventDate "2015.01.10"]
[WhiteTeam "North East England 1"]
[BlackTeam "Bradford DCA Knights B"]

1. c4 g6 2. d4 Nf6 3. Nc3 Bg7 4. e4 d6 5. Nf3 O-O 6. Be2 e5 7. d5 a5 8. Bg5 h6
9. Be3 Ng4 10. Bd2 f5 11. h3 Nf6 12. exf5 gxf5 13. Qc1 Kh7 14. g4 Ne4 15. Nxe4
fxe4 16. Qc2 Nd7 17. Qxe4+ Kg8 18. Be3 Rf4 19. Qc2 Nc5 20. Bxf4 exf4 21. Rd1
Qe7 22. Kf1 Bd7 23. Bd3 c6 24. Bf5 Be8 25. Kg2 cxd5 26. cxd5 Ba4 27. b3 Bb5 28.
Rhe1 Qf6 29. Be6+ Kh8 30. Qf5 Qc3 31. Qg6 Nd3 32. Bf5 Nxe1+ 33. Rxe1 Kg8 34.
Be6+ Kh8 35. Bf5 Kg8 36. Qe6+ Kh8 37. Qxd6 Qb4 38. Qg6 Kg8 39. Re4 Qc3 40. Rxf4
Qc1 41. Kg3 Ra6 42. Qh7+ 1-0

[Event "4NCL Division 3n"]
[Site "Shrigley Hall ENG"]
[Date "2015.01.10"]
[Round "3.56"]
[White "Hurwitz, Ed"]
[Black "Dunn, Andrew c"]
[Result "0-1"]
[WhiteElo "2034"]
[BlackElo "2223"]
[PlyCount "50"]
[EventDate "2015.01.10"]
[WhiteTeam "Bradford DCA Knights B"]
[BlackTeam "North East England 1"]

1. g3 d5 2. Nf3 Nf6 3. Bg2 c6 4. O-O Bf5 5. c4 e6 6. d3 Nbd7 7. cxd5 cxd5 8.
Nc3 h6 9. Re1 Nb6 10. Qb3 Be7 11. e4 Bh7 12. exd5 Nfxd5 13. Qb5+ Qd7 14. Qxd7+
Kxd7 15. Ne5+ Ke8 16. Bd2 Rd8 17. Rac1 f6 18. Nxd5 Nxd5 19. Nf3 Kf7 20. d4 Rhe8
21. Be3 Bb4 22. Red1 Rc8 23. a3 Ba5 24. Nd2 Rxc1 25. Rxc1 Nxe3 0-1